Personnages de la prélogie Star Wars en images - Statistiques

Statistiques générales
  • Ce quiz a été pris 95 fois
  • Le résultat moyen est 14 sur 16
Statistiques - réponses
Par images Réponse % Correct
Padmé
97%
Anakin
94%
R2D2
92%
Yoda
92%
Dark Maul
88%
Jar Jar Binks
88%
Obi Wan Kenobi
88%
Jabba
87%
Mace Windu
87%
Palpatine
87%
Comte Dooku
83%
Jango Fett
83%
Général Grievous
78%
Qui Gon Jinn
77%
Shmi
72%
Watto
63%
Aucun quiz correspondant
Distribution des résultats
% des personnes avec chaque résultat
Percentile par nombre de réponses
Votre historique - résultats
Vous n’avez pas pris ce quiz